A Textbook on Container and Multimodal Transport Management / (Record no. 418)

000 -LEADER
fixed length control field 00526nam a2200157Ia 4500
008 - FIXED-LENGTH DATA ELEMENTS--GENERAL INFORMATION
fixed length control field 190805s9999||||xx |||||||||||||| ||und||
020 ## - INTERNATIONAL STANDARD BOOK NUMBER
International Standard Book Number 9788173665516
Terms of availability Rs. 600.00
082 04 - DEWEY DECIMAL CLASSIFICATION NUMBER
Classification number 658.78
Item number H2247
100 1# - MAIN ENTRY--PERSONAL NAME
Personal name Hariharan, K. V.
245 12 - TITLE STATEMENT
Title A Textbook on Container and Multimodal Transport Management /
260 ## - PUBLICATION, DISTRIBUTION, ETC. (IMPRINT)
Place of publication, distribution, etc Mumbai :
Name of publisher, distributor, etc Shroff Publishers & Distributers Pvt. Ltd.,
Date of publication, distribution, etc 2002
300 ## - PHYSICAL DESCRIPTION
Extent xiv, 498 p.
Other physical details : ill.
Dimensions ; 22 cm.
650 #0 - SUBJECT ADDED ENTRY--TOPICAL TERM
Topical term or geographic name as entry element Containerization
Form subdivision Textbooks
852 ## - LOCATION/CALL NUMBER
Location
942 ## - ADDED ENTRY ELEMENTS (KOHA)
Item type Books
Holdings
Withdrawn status Lost status Damaged status Not for loan Collection code Permanent location Current location Shelving location Date acquired Source of acquisition Cost, normal purchase price Total Checkouts Total Renewals Full call number Barcode Date last seen Date last borrowed Koha item type Public note Source of classification or shelving scheme
        Management Studies IMU Kochi Library IMU Kochi Library General Stacks 2019-06-27 Green Books 600.00 10 9 658.78 H2247 BK005604 2022-12-22 2022-12-01 Books Gen. Shelf-37, Row-1  
        Management Studies IMU Kochi Library IMU Kochi Library General Stacks 2019-06-27 Green Books 600.00 7 6 658.78 H2247 BK005603 2022-12-22 2022-12-01 Books Gen. Shelf-37, Row-1  
        Management Studies IMU Kochi Library IMU Kochi Library General Stacks 2019-07-31 M/S New India Book Agency (Inv. No. 1112 Dt 2019-07-13) 600.00 11 6 658.78 H2247 BK005787 2023-03-28 2023-03-28 Books Gen. Shelf-37, Row-1  
        Management Studies IMU Kochi Library IMU Kochi Library General Stacks 2019-07-31 M/S New India Book Agency (Inv. No. 1112 Dt 2019-07-13) 600.00 10 8 658.78 H2247 BK005788 2023-03-23 2023-03-23 Books Gen. Shelf-37, Row-1  


Copyright © All Rights Reserved by Indian Maritime University, Kochi Campus.
For any Suggestions/Query Contact to library or Email: library.kochi@imu.ac.in Ph:(0484)-2989402
(Web OPAC Designed by Rudra Ranjan. Maintained by IMU Kochi Library)

Powered by Koha